000
00317nam a22001337a 4500
008
170928b xxu||||| |||| 00| 0 eng d
020
_a
9780439218573
041
_a
eng
080
_a
37
100
_a
47
101
_a
EDU
245
_a
ACTION STRATEGIES FOR DEEPENING COMPREHENSION
_c
WILHELM,. J.D
942
_2
udc
_c
BK
999
_c
30340
_d
30340